• 首页
  • 本馆介绍
  • 公告通知
  • 最新文献
  • 馆藏检索
  • 电子资源
  • 读者导购
  • 参考咨询
  • 我的图书馆
  • 登录
  • 详细信息显示
  • 放入我的书架
  • 预约/预借图书
  • 作者相关作品
  • 分类相关作品
  • 丛书相关作品
  • 出版社相关作品

书目信息

  • 表格格式
  • 工作单格式
  • 卡片格式
题名:
偏微分方程
    
 
作者: Egorov , Shubin 编著
分册: Ⅳ   微局部分析和双曲型方程
出版信息: 北京   科学出版社  2009.01
页数: 241页
开本: 25cm
丛书名: 国外数学名著系列
单 册:
中图分类: O175.2 , O175.27
科图分类:
主题词: 偏微分方程--英文 , 双曲型方程--英文 , 偏微分方程 , 双曲型方程
电子资源:
ISBN: 978-7-03-023509-1
000 01143oam2 2200373 450
001 010700059466
005 20170622103601.65
010    @a978-7-03-023509-1@b精装@dCNY58.00
100    @a20090111e2009 em y0chiy0110 ea
101 0  @aeng@gchi
102    @aCN@b110000
105    @ay z 001yy
106    @ar
200 1  @a偏微分方程@9pian wei fen fang cheng@hⅣ@i微局部分析和双曲型方程@fYu. V. Egorov,M. A. Shubin[编著]
205    @a影印版
210    @a北京@c科学出版社@d2009.01
215    @a241页@d25cm
225 2  @a国外数学名著系列@v66
300    @a中国科学院科学出版基金资助出版
305    @a本书由德国施普林格出版公司授权
308    @a丛书续一
320    @a有索引
461  0 @12001 @a国外数学名著系列@v66
510 1  @aPartial differential equations@hⅣ@iMicrolocal analysis and hyperbolic equations@zeng
606 0  @a偏微分方程@x英文
606 0  @a双曲型方程@x英文
606 0  @a偏微分方程
606 0  @a双曲型方程
690    @aO175.2@v5
690    @aO175.27@v5
701  1 @aEgorov@bYu.V.@4编著
701  1 @aShubin@bM.A.@4编著
801  0 @aCN@bRENTIAN@c20090111
905    @b991824-27@dO175.2@e139:4@f4
    
    偏微分方程.Ⅳ.微局部分析和双曲型方程/Yu. V. Egorov,M. A. Shubin[编著].-影印版.-北京:科学出版社,2009.01
    241页;25cm.-(国外数学名著系列;66)
    中国科学院科学出版基金资助出版
    
    ISBN 978-7-03-023509-1(精装):CNY58.00
    
●
相关链接 在E读中查询图书 在五车中查询图书 在当当中查询图书 在豆瓣中查询图书


正题名:偏微分方程     索取号:O175.2/139:4         预约/预借

序号 登录号 条形码 馆藏地/架位号 状态 备注
1 991824   209918240   第二样本阅览室/ [索取号:O175.2/139:4] 在馆    
2 991825   209918259   密集书库-数信学院/ [索取号:O175.2/139:4] 在馆    
3 991826   209918268   第三借阅区/ [索取号:O175.2/139:4] 在馆    
4 991827   209918277   第三借阅区/ [索取号:O175.2/139:4] 在馆    
唐山师范学院图书馆 欢迎您!
大连网信软件有限公司© 版权所有